Indian Economy (Record no. 6279)
[ view plain ]
| 000 -LEADER | |
|---|---|
| fixed length control field | 00357nam a2200157Ia 4500 |
| 003 - CONTROL NUMBER IDENTIFIER | |
| control field | OSt |
| 005 - DATE AND TIME OF LATEST TRANSACTION | |
| control field | 20240112165542.0 |
| 008 - FIXED-LENGTH DATA ELEMENTS--GENERAL INFORMATION | |
| fixed length control field | 170524s9999 xx 000 0 und d |
| 020 ## - INTERNATIONAL STANDARD BOOK NUMBER | |
| International Standard Book Number | 978812190298 |
| 040 ## - CATALOGING SOURCE | |
| Transcribing agency | iimt university meerut |
| 100 ## - MAIN ENTRY--PERSONAL NAME | |
| Personal name | Datt |
| 245 #0 - TITLE STATEMENT | |
| Title | Indian Economy |
| 260 ## - PUBLICATION, DISTRIBUTION, ETC. | |
| Name of publisher, distributor, etc. | New Delhi : Sultan Chand |
| 260 ## - PUBLICATION, DISTRIBUTION, ETC. | |
| Date of publication, distribution, etc. | 2006 |
| 942 ## - ADDED ENTRY ELEMENTS (KOHA) | |
| Source of classification or shelving scheme | |
| Koha item type | Book Bank |
| Withdrawn status | Lost status | Source of classification or shelving scheme | Damaged status | Not for loan | Home library | Current library | Date acquired | Barcode | Date last seen | Uniform Resource Identifier | Price effective from | Koha item type | Public note |
|---|---|---|---|---|---|---|---|---|---|---|---|---|---|
| IIMT University Central Library Meerut | IIMT University Central Library Meerut | 05/31/2017 | 01-B-64391 | 05/31/2017 | Indian Economy | 05/31/2017 | Reference Book | management departmental library books update march 2019 | |||||
| IIMT University Central Library Meerut | IIMT University Central Library Meerut | 05/31/2017 | 01-B-64392 | 05/31/2017 | Indian Economy | 05/31/2017 | Book Bank | ||||||
| IIMT University Central Library Meerut | IIMT University Central Library Meerut | 05/31/2017 | 01-B-64393 | 05/31/2017 | Indian Economy | 05/31/2017 | Book Bank | ||||||
| IIMT University Central Library Meerut | IIMT University Central Library Meerut | 05/31/2017 | 01-B-64394 | 05/31/2017 | Indian Economy | 05/31/2017 | Book Bank | ||||||
| IIMT University Central Library Meerut | IIMT University Central Library Meerut | 05/31/2017 | 01-B-64395 | 05/31/2017 | Indian Economy | 05/31/2017 | Book Bank | ||||||
| IIMT University Central Library Meerut | IIMT University Central Library Meerut | 05/31/2017 | 01-B-64396 | 05/31/2017 | Indian Economy | 05/31/2017 | Book Bank | ||||||
| IIMT University Central Library Meerut | IIMT University Central Library Meerut | 05/31/2017 | 01-B-64924 | 05/31/2017 | Indian Economy | 05/31/2017 | Book Bank | ||||||
| IIMT University Central Library Meerut | IIMT University Central Library Meerut | 05/31/2017 | 01-B-64925 | 05/31/2017 | Indian Economy | 05/31/2017 | Book Bank |

